Problemy istorii matematiki i mechaniki
Guardado en:
| Formato: | Libro |
|---|---|
| Lenguaje: | ruso |
| Publicado: |
Kijev :
Institut matematiki AN USSR,
1977
|
| Etiquetas: |
Sin Etiquetas, Sea el primero en etiquetar este registro!
|
MARC
| LEADER | 00000nam a22000003a 4500 | ||
|---|---|---|---|
| 001 | stu201397 | ||
| 005 | 20141123094514.1 | ||
| 008 | 100323s1977----xxr-----------------rus-d | ||
| 040 | |a STU |b slo | ||
| 041 | 0 | |a rus | |
| 044 | |a xxr | ||
| 080 | |a 51 |7 stu_us_auth*stu8333 | ||
| 080 | |a 531 |7 stu_us_auth*stu7974 | ||
| 245 | |a Problemy istorii matematiki i mechaniki | ||
| 260 | |a Kijev : |b Institut matematiki AN USSR, |c 1977 | ||
| 300 | |a 138 s | ||
| 996 | |b E41670 |c E*41670 |l EE03 |s P |a 0 |w stu201397_0001 | ||